000139708 001__ 139708 000139708 005__ 20240827142929.0 000139708 037__ $$aGDOC-2023-60976 000139708 041__ $$aspa 000139708 041__ $$aeng 000139708 100__ $$0(orcid)0000-0001-5316-8171$$1182457$$aRoberto José Casas, Nebra 000139708 260__ $$aZaragoza$$bUniversidad de Zaragoza$$c2023-2024 000139708 521__ $$9682$$aMáster Universitario en Ingeniería de Telecomunicación (en extinción)$$bMaster's Degree in Telecommunications Engineering 000139708 540__ $$aby-nc-sa$$bCreative Commons$$c3.0$$uhttp://creativecommons.org/licenses/by-nc-sa/3.0/ 000139708 700__ $$0(orcid)0000-0003-2935-1819$$1683483$$aAlberto Gascón, Roche 000139708 830__ $$9623 000139708 8564_ $$s10657$$uhttps://zaguan.unizar.es/record/139708/files/guia-60976-en.pdf$$yGuide (english) 000139708 8564_ $$s11444$$uhttps://zaguan.unizar.es/record/139708/files/guia-60976-es.pdf$$yGuía (idioma español) 000139708 970__ $$aGDOC-2023-60976 000139708 980__ $$aGDOC$$bEngineering and Architecture$$bIngeniería y Arquitectura$$c110